000 00606nam a2200205Ia 4500
003 OSt
005 20250822173836.0
008 210423s2007 xx 000 0 und d
040 _cAL
041 _aEnglish
082 _a321.80954
_bSOOC
100 _aPooja Sood
_9122428
245 _aConstitutional challenges and IPC provisions
_b: a judicial approach
260 _aNew Delhi
_bDeep and deep publication
_c2007
365 _b300
_cINR
650 _aDemocratic Systems
_9122429
650 _aPolitical Science
_9122430
906 _achallenges ; Constitutional ; ipc ; provisions
942 _2ddc
_cBK
999 _c175247
_d175247